书目信息 |
| 题名: |
平差计算
|
|
| 作者: | Wolf , 沃尔夫 著 ;方佩竹 译 | |
| 分册: | ||
| 出版信息: | 北京 测绘出版社 1983 |
|
| 页数: | 279页 | |
| 开本: | 21cm | |
| 丛书名: | ||
| 单 册: | ||
| 中图分类: | P207 | |
| 科图分类: | ||
| 主题词: | 测量平差--计算--公式 | |
| 电子资源: | ||
| ISBN: | ||
| 000 | 00784nam0 2200277 45 | |
| 001 | 0183006500 | |
| 005 | 20060820104048.46 | |
| 010 | @dCNY1.15 | |
| 091 | @a15039.新254 | |
| 100 | @a19950728d1983 em y0chiy0121 ea | |
| 101 | 1 | @achi@cger |
| 102 | @aCN@b110000 | |
| 105 | @ak z 000yy | |
| 200 | 10 | @a平差计算@Aping cha ji suan@e实用公式@f(西德)沃尔夫(H.Wolf)著@g方佩竹译 |
| 210 | @a北京@c测绘出版社@d1983 | |
| 215 | @a279页@d21cm | |
| 300 | @a书名原文:Ausgleichungsrechnung | |
| 510 | 1 | @aAusgleichungsrechnung@zger |
| 606 | @a测量平差@x计算@x公式 | |
| 690 | @aP207@v3 | |
| 701 | A1 | @aWolf@bH.@4著 |
| 701 | 1 | @a沃尔夫@Awo er fu@bH.@4著 |
| 702 | 0 | @a方佩竹@Afang pei zhu@4译 |
| 801 | 0 | @aCN@bTSSF@c20060820 |
| 801 | 2 | @aCN@bNLC@c20060808 |
| 905 | @a10447@dP207@e107 | |
| 平差计算:实用公式/(西德)沃尔夫(H.Wolf)著/方佩竹译.-北京:测绘出版社,1983 |
| 279页;21cm |
| 书名原文:Ausgleichungsrechnung |
| ISBN :CNY1.15 |
| ● |
| 相关链接 |
|
|
|
|
正题名:平差计算
索取号:P207/107
 
预约/预借
| 序号 | 登录号 | 条形码 | 馆藏地/架位号 | 状态 | 备注 |
| 1 | 0438375 | 204383755 | 密集书库/ [索取号:P207/107] | 在馆 | |
| 2 | 0439198 | 204391988 | 密集书库/ [索取号:P207/107] | 在馆 | |
| 3 | 0451783 | 204517834 | 密集书库/ [索取号:P207/107] | 在馆 | |
| 4 | 0451784 | 204517843 | 密集书库/ [索取号:P207/107] | 在馆 | |
| 5 | 0451785 | 204517852 | 密集书库/ [索取号:P207/107] | 在馆 | |
| 6 | 0451786 | 204517861 | 密集书库/ [索取号:P207/107] | 在馆 | |
| 7 | 0470324 | 204703240 | 密集书库/ [索取号:P207/107] | 在馆 |